| 000 | 00374nam a2200145 a 4500 | ||
|---|---|---|---|
| 001 | 2583 | ||
| 003 | CDMR | ||
| 005 | 20130319115837.0 | ||
| 008 | 130130s1995||||||||||||||||||||||||||||d | ||
| 040 |
_aCDMR _bcat _cCPC LLEIDA |
||
| 100 | 1 |
_aVarela Serra, Josep _91938 |
|
| 245 | 1 | 0 |
_aLleida per a la gent gran _cVARELA SERRA, Josep |
| 260 |
_aLleida _c1995 _bPagès |
||
| 942 |
_cMON _2udc |
||
| 999 |
_c2583 _d2583 |
||